000 00603nam a2200241 a 4500
001 nice12345678
003 IN_TiNIC
005 20260116014252.0
008 050524s1995 dela grp 000 0 eng
020 _a
_c60
082 0 0 _a330.10297
_bSAD
100 _aSadeq, A H M
245 _aIslamic Economics
_b Some Selected Issues
260 _aDelhi
_bNaushaba Publications
_c1995
300 _a179p
500 _aincludes index and biblioraphy
505 2 _aIndex, Quranic Verses
650 _aEconomics-Islam
700 1 _aSadeq, A H M
902 _bSRS
942 _cBK
999 _c14587
_d14587